Statistics for Pokémon - Last Two Letters Of One Are The First Two Letters Of The Next - 2

Click here to take the quiz!

General Stats

  • This quiz has been taken 29 times
  • The average score is 11 of 16

Answer Stats

GenType 1Type 2Answer% Correct
6FireFlyingTalonflame
81%
5FireBugLarvesta
81%
1RockGroundOnix
81%
7PsychicGhostLunala
75%
2RockGroundLarvitar
75%
6GhostSteelDoublade
75%
1Fire-Arcanine
75%
2Dark-Umbreon
75%
3RockBugArmaldo
69%
2RockDarkTyranitar
69%
3Fighting-Makuhita
69%
1Grass-Tangela
69%
3NormalFlyingSwablu
63%
7Psychic-Necrozma
63%
2Grass-Meganium
63%
3Normal-Delcatty
50%

Score Distribution

Percentile by Number Answered

Percent of People with Each Score

Your Score History

You have not taken this quiz